Elektronický obchod, elektronické podnikanie, hospodárska súťaž a sociálne inovácie

Vznik a vývoj internetu. Vývoj počtu pripojení v rokoch 1958 až 2002. Rast počtu pripojení v % v rokoch 2000 až 2012 vo vybraných krajinách. Podiel a prírastok počtu pripojení v roku 2000 a 2012. Elektronické podnikanie, elektronické obchodovanie a ochrana hospodárskej súťaže. Úroveň elektronického...

Descrizione completa

Salvato in:
Dettagli Bibliografici
Autore principale: Matušovič, Martin
Altri autori: Markovičová, Marta, 1962-
Natura: Capitolo di libro
Lingua:slovacco
Soggetti:
Tags: Aggiungi Tag
Nessun Tag, puoi essere il primo ad aggiungerne!!

MARC

LEADER 00000nla a2200000 4500
001 0199622
005 20240527075600.8
041 0 |a slo 
044 |a SK 
245 1 0 |a Elektronický obchod, elektronické podnikanie, hospodárska súťaž a sociálne inovácie  |c Martin Matušovič, Marta Markovičová 
520 |a Vznik a vývoj internetu. Vývoj počtu pripojení v rokoch 1958 až 2002. Rast počtu pripojení v % v rokoch 2000 až 2012 vo vybraných krajinách. Podiel a prírastok počtu pripojení v roku 2000 a 2012. Elektronické podnikanie, elektronické obchodovanie a ochrana hospodárskej súťaže. Úroveň elektronického obchodu a elektronického podnikania sa v jednotlivých členských štátoch líši a cezhraničné transakcie sú obmedzené. V USA je elektronický obchod rozšírenejší. 
610 2 0 |a internet 
610 2 0 |a podnikanie elektronické 
610 2 0 |a obchod elektronický 
610 2 0 |a Európska únia 
610 2 0 |a svet 
100 1 |a Matušovič, Martin 
700 1 |a Markovičová, Marta, 1962-